Wszystkie flagi Litwy - Statystyki

Ogólne statystyki
  • Ten quiz został rozwiązany 14 razy
  • Średni wynik to 3 z 5
Statystyki odpowiedzi
Obrazkowy Hint Odpowiedź % Poprawnych
1918-1940, 1989-1991, 2004-obecnie Litwa
100%
1991-2004 Litwa
100%
1569-1795 Rzeczpospolita Obojga Narodów
67%
1236-1569 Wielkie Księstwo Litewskie
50%
1940-1989 Litewska SRR
17%
Nie znaleziono quizów pasujących do podanych kryteriów
Rozkład punktacji
Procent ludzi z każdym wynikiem
Percentyl według liczby udzielonych odpowiedzi
Twoja historia wyników
Nie rozwiązałeś tego quizu